00938 a2200205 4500003000500000005001700005040000900022082001600031100004700047245010300094260003300197300001100230505023800241650002300479651002000502700005000522942001200572999001900584952012900603NUST20251121183545.0 cNust a621.382,MAL aMalik , SGT Saad Saleem (TCC-17)9132000 aAudio Testbed /cSGT Saad Saleem Malik, GC Mamoon-Ur-Rashid, NC Nasir Haider and Capt Asif Nawaz. c2009bMCS (NUST)aRawalpindi a89 p.; aIntroduction (Page-1), Frequency Equalizer (Page-4), Compression (Linear Predictive Coding) (Page-8), Encryption (Page-29), Reed Solomon (Page-44), Modulation (Page-81), Results (Page-83), Future Work (Page-87), References (Page-88). aUG Projects998716 aTCC-17B9131348 aasst Prof Syed Javaid Hussain Bangash9132001 cPR2ddc c184015d184015 00102ddc4070aMCSbMCScREFd2016-12-12o621.382,MALpMCSPTC-115r2016-12-08w2016-12-12yPRzAlmirah No. 94, Shelf No. 3